Essential chemistry : (Record no. 2275)
[ view plain ]
| 000 -LEADER | |
|---|---|
| fixed length control field | 00793nam a22002412 4500 |
| 001 - CONTROL NUMBER | |
| control field | 0000003885 |
| 005 - DATE AND TIME OF LATEST TRANSACTION | |
| control field | 20151217145742.0 |
| 008 - FIXED-LENGTH DATA ELEMENTS--GENERAL INFORMATION | |
| fixed length control field | 070516s xx 000 0 eng d |
| 020 ## - INTERNATIONAL STANDARD BOOK NUMBER | |
| International Standard Book Number | 007290500X : |
| Terms of availability | KES 600 (donation) |
| 040 ## - CATALOGING SOURCE | |
| Original cataloging agency | KABU |
| Transcribing agency | KABU |
| 050 #0 - LIBRARY OF CONGRESS CALL NUMBER | |
| Classification number | QD33 |
| Item number | .C43 2000 |
| 100 1# - MAIN ENTRY--PERSONAL NAME | |
| Personal name | Chang, Raymond. |
| -- | 0000030397 |
| 245 10 - TITLE STATEMENT | |
| Title | Essential chemistry : |
| Remainder of title | a core text for general chemistry / |
| Statement of responsibility, etc. | Raymond Chang. |
| 250 ## - EDITION STATEMENT | |
| Edition statement | 2nd ed. |
| 260 ## - PUBLICATION, DISTRIBUTION, ETC. (IMPRINT) | |
| Place of publication, distribution, etc. | Boston : |
| Name of publisher, distributor, etc. | McGraw-Hill, |
| Date of publication, distribution, etc. | c2000. |
| 300 ## - PHYSICAL DESCRIPTION | |
| Extent | xxiv, 775 p. : |
| Other physical details | ill. ; |
| Dimensions | 26 cm + |
| Accompanying material | computer laser optical disc (4 3/4 in.) |
| 500 ## - GENERAL NOTE | |
| General note | Includes index. |
| 650 #0 - SUBJECT ADDED ENTRY--TOPICAL TERM | |
| Topical term or geographic name as entry element | Chemistry. |
| -- | 0000148202 |
| 908 ## - PUT COMMAND PARAMETER (RLIN) | |
| Put command parameter | 070516 |
| 950 ## - LOCAL HOLDINGS (RLIN) | |
| -- | 1 |
| Withdrawn status | Lost status | Source of classification or shelving scheme | Not for loan | Home library | Current library | Date acquired | Total Checkouts | Total Renewals | Full call number | Barcode | Date last seen | Date last checked out | Price effective from | Koha item type | Checked out |
|---|---|---|---|---|---|---|---|---|---|---|---|---|---|---|---|
| Library of Congress Classification | Kabarak, Main Campus | Kabarak, Main Campus | 17/12/2015 | 14 | 2 | QD33 .C43 2000 | 006248 | 02/12/2021 | 18/11/2021 | 17/12/2015 | General Collection | ||||
| Library of Congress Classification | Kabarak, Main Campus | Kabarak, Main Campus | 17/12/2015 | 7 | 1 | QD33 .C43 2000 | 006249 | 19/01/2021 | 19/01/2021 | 17/12/2015 | General Collection | 04/02/2021 |